000 00295nam a2200121Ia 4500
008 191201s2015 xx 000 0 und d
100 _aPANDEY,I M
245 0 _aFinancial Management
260 _c2015
_bVikas Publication House
_aNew Delhi
300 _a921
650 _aMBA
942 _2ddc
_cBB
_024
999 _c7697
_d7697